Roman Buildings and Structures - Map Quiz - Statistics

General Stats
  • This quiz has been taken 29 times
  • The average score is 6 of 16
Answers on the Map
Answers color-coded by a green-red scale on the quiz's map according to % correct below.
 
Answer Stats
Answer % Correct
Hadrian's Wall
91%
Pantheon
74%
Diocletian's Palace
57%
Maison carrée
57%
Aqueduct of Segovia
52%
Amphitheatre of El Jem
39%
Arch of Septimius Severus
35%
Babylon Fortress
35%
Basilica Cistern
35%
Heidentor
26%
Trajan's Bridge
26%
Villa of the Mysteries
26%
Tower of Hercules
17%
Rotunda of Galerius
13%
Temple of Bacchus
13%
Aula Palatina
4%
No matching quizzes found
Score Distribution
Percent of People with Each Score
Percentile by Number Answered
Your Score History
You have not taken this quiz